|
|
|
|
| LEADER |
02004nam a2200385 i 4500 |
| 001 |
34867 |
| 003 |
BD-DhAAL |
| 005 |
20230201134702.0 |
| 008 |
190723r20182012bg a 000 0 benod |
| 010 |
|
|
|a 2011322939
|
| 020 |
|
|
|a 9789848765838
|
| 025 |
|
|
|a B-B-2011-322939; 22-90
|
| 037 |
|
|
|b Library of Congress -- New Delhi Overseas Office
|
| 040 |
|
|
|a DLC
|b eng
|c DLC
|e rda
|d DLC
|d BD-DhAAL
|
| 041 |
|
|
|a ben
|
| 042 |
|
|
|a lcode
|a pcc
|
| 043 |
|
|
|a a-bg---
|
| 082 |
|
|
|a 915.81
|2 23
|
| 100 |
|
|
|a সুলতান, মঈনুস
|9 33038
|
| 245 |
1 |
0 |
|a কাবুলের ক্যারাভান সরাই /
|c মঈনুস সুলতান
|
| 246 |
3 |
1 |
|a Kabuler caravan sarai (a collection of travel-stories of Afghanistan)
|
| 260 |
|
|
|a ঢাকা
|b প্রথমা প্রকাশন,
|c c২০১২ [ষষ্ঠ মুদ্রণ ২০১৮,সপ্তম মুদ্রণ ২০২০]
|
| 300 |
|
|
|a ১৮৩ পৃষ্ঠা :
|b চিত্র ;
|c ২২ সে.মি.
|
| 520 |
|
|
|a Author's travelogue to Afghanistan.
|
| 526 |
|
|
|a Residential Campus
GenEd (Residential Campus)
|
| 541 |
|
|
|a Development Book Agency
|e 34867, 40756
|
| 546 |
|
|
|a In Bengali.
|
| 600 |
1 |
0 |
|a Sulatāna, Maīnusa
|x Travel
|z Afghanistan.
|9 33039
|
| 651 |
|
0 |
|a Afghanistan
|x Description and travel.
|9 33040
|
| 852 |
|
|
|a Savar Campus Library
|c General Stacks
|
| 942 |
|
|
|2 ddc
|c BK
|
| 999 |
|
|
|c 40948
|d 40948
|
| 952 |
|
|
|0 0
|1 0
|2 ddc
|4 0
|6 915_810000000000000_SUL
|7 0
|9 65714
|a SCL
|b SCL
|c GEN
|d 2019-07-17
|e Development Book Agency
|g 308.00
|l 1
|m 1
|o 915.81 SUL
|p 3020034867
|r 2024-03-18
|s 2024-03-03
|t 1
|v 308.00
|w 2019-07-17
|y BK
|
| 952 |
|
|
|0 0
|1 0
|2 ddc
|4 0
|6 915_810000000000000_SUL
|7 0
|9 72917
|a SCL
|b SCL
|c GEN
|d 2023-01-15
|e Development Book Agency
|g 308.00
|l 0
|o 915.81 SUL
|p 3020040755
|r 2023-01-15
|t 2
|v 308.00
|w 2023-01-15
|y BK
|
| 952 |
|
|
|0 0
|1 0
|2 ddc
|4 0
|6 915_810000000000000_SUL
|7 0
|9 73111
|a SCL
|b SCL
|c GEN
|d 2023-01-15
|e Development Book Agency
|g 308.00
|l 0
|o 915.81 SUL
|p 3020040756
|r 2023-02-01
|t 3
|v 308.00
|w 2023-01-15
|y BK
|